Normal view
MARC view
Entry Personal Name
001 - CONTROL NUMBER
- control field: 66351
003 - CONTROL NUMBER IDENTIFIER
- control field: dpl
005 - DATE AND TIME OF LATEST TRANSACTION
- control field: 20240517140758.0
008 - FIXED-LENGTH DATA ELEMENTS
- fixed length control field: 240517|| aca||aabn | a|a d
040 ## - CATALOGING SOURCE
- Original cataloging agency: dpl
- Transcribing agency: dpl
100 ## - HEADING--PERSONAL NAME
- Personal name: Blyton, Ewid
670 ## - SOURCE DATA FOUND
- Source citation: Work cat.: (dpl)202950: Blyton, Ewid, The Coblin's Toyshop and other Stories/, 2015
